Fyzika 2 /
Salvato in:
| Autori principali: | , , |
|---|---|
| Natura: | Libro |
| Lingua: | ceco |
| Pubblicazione: |
Brno :
Vutium,
2013
|
| Edizione: | 2. prepracované vydanie |
| Tags: |
Nessun Tag, puoi essere il primo ad aggiungerne!!
|
MARC
| LEADER | 00000nam a22000003a 4500 | ||
|---|---|---|---|
| 001 | 0020090 | ||
| 003 | SK-STU | ||
| 005 | 20230511105137.3 | ||
| 007 | ta | ||
| 008 | 161219s ----xo-----e------000-0-----d | ||
| 020 | |a 978-80-214-4123-1 | ||
| 040 | |a STU |b slo | ||
| 041 | 0 | |a cze | |
| 044 | |a xr | ||
| 080 | |a 53.80 | ||
| 100 | 1 | |a Halliday, David |4 aut | |
| 245 | 1 | 0 | |a Fyzika 2 / |c aut. David Halliday, Robert Resnick, Jearl Walker |
| 250 | |a 2. prepracované vydanie | ||
| 260 | |a Brno : |b Vutium, |c 2013 | ||
| 300 | |a 577-1248 | ||
| 700 | 1 | |a Resnick, Robert |4 aut | |
| 700 | 1 | |a Walker, Jearl |4 aut | |
| 996 | |b 284EK89792 |c E* 89792 |l EE36 |s P |a 0 |w 0020090_0001 | ||
| 996 | |b 284M087990 |c M* 14169/2-1 |l MMST |s A |a 24 |w 0020090_0002 | ||